Statistiques concernant Coupe du Monde 2018 Footballeurs - Quiz d'images n°3

Cliquez ici pour prendre le quiz!

Statistiques générales

  • Ce quiz a été pris 454 fois
    (453 depuis la dernière actualisation)
  • Le résultat moyen est 9 sur 15

Statistiques - réponses

Réponse% Correct
Hugo Lloris
98%
Blaise Matuidi
96%
Raphaël Varane
95%
Pepe
94%
Diego Costa
87%
Dele Alli
82%
Xherdan Shaqiri
71%
Hakim Ziyech
70%
Granit Xhaka
66%
Branislav Ivanović
38%
Artyom Dziouba
36%
Sardar Azmoun
22%
Andreas Granqvist
10%
Maya Yoshida
9%
Carlos Sanchez
2%

Distribution des résultats

Percentile par nombre de réponses

% des personnes avec chaque résultat

Votre développement - résultats

Vous n’avez pas pris ce quiz depuis la dernière actualisation